Statistics for 1 to 10

Click here to take the quiz!

General Stats

  • This quiz has been taken 583 times
  • The average score is 10 of 10

Answer Stats

Answer% Correct
1
99%
2
98%
3
97%
4
97%
5
97%
7
97%
8
97%
6
96%
9
96%
10
95%

Score Distribution

Percentile by Number Answered

Percent of People with Each Score

Your Score History

You have not taken this quiz